000 00836nmm a2200253 a 4500
001 ocm000702631
003 TR-IsHL
005 20201028133522.0
008 131121s1980 tu tur
007 cr cn
035 _a702631
_b(N$T)
050 0 4 _aLB2342
_b.A33 1980
090 0 4 _aLB2342
_b.A33 1980
100 1 _aAkalın, Güneri
245 1 0 _aYüksek öğretim karma malına maliyet - fayda analizinin uygulanması
_h[electronic resource] /
_cGüneri Akalın
260 _aAnkara :
_bAnkara Üniversitesi Siyasal Bilgiler Fakültesi,
_c1980
300 _a184 p.
650 4 _aEğitim
650 4 _aEducation
650 0 _aEğitim, Yüksek
650 0 _aEducation, Higher
650 7 _aEDUCATION / Higher
_2bisacsh
856 4 0 _uhttp://search.ebscohost.com/login.aspx?direct=true&scope=site&db=e011xww&AN=702631
999 _c5686
_d5686